| 000 | 00810cam a2200265 a 4500 | ||
|---|---|---|---|
| 001 | 16884492 | ||
| 005 | 20180213042058.0 | ||
| 008 | 110722s2013 caua 001 0 eng | ||
| 010 | _a 2011934948 | ||
| 020 | _a9781133109822 | ||
| 020 | _a1133109829 | ||
| 040 |
_aDLC _cDLC _dDLC |
||
| 041 | _aeng | ||
| 042 | _apcc | ||
| 080 | _a540 kim | ||
| 082 | 0 | 0 |
_a540 kim _223 |
| 100 | _a12 | ||
| 101 | _akim | ||
| 245 | 0 | 0 |
_aIntroduction to general, organic, and biochemistry / _cFrederick A. Bettelheim ... [et al.]. |
| 246 | 3 | 0 | _aGeneral, organic, and biochemistry |
| 906 |
_a7 _bcbc _corigcop _d3 _encip _f20 _gy-gencatlg |
||
| 942 |
_2ddc _cBK |
||
| 999 |
_c42363 _d42363 |
||